Technical writing for success : a school-to-work approach (Record no. 4909)

000 -LEADER
fixed length control field 00503 a2200157 4500
020 ## - INTERNATIONAL STANDARD BOOK NUMBER
International Standard Book Number 0538682965
040 ## - CATALOGING SOURCE
Original cataloging agency DLC
Language of cataloging DLC
082 ## - DEWEY DECIMAL CLASSIFICATION NUMBER
Classification number 808.0666
100 1# - MAIN ENTRY--PERSONAL NAME
Personal name Mehlich, Sue.
245 10 - TITLE STATEMENT
Title Technical writing for success : a school-to-work approach
Statement of responsibility, etc. Sue Mehlich, Darlene Smith-Worthington.
260 ## - PUBLICATION, DISTRIBUTION, ETC.
Place of publication, distribution, etc. Cincinnati, Ohio :
Name of publisher, distributor, etc. South-Western Educational Publishing,
Date of publication, distribution, etc. 1997.
300 ## - PHYSICAL DESCRIPTION
Extent 400 p. :
Other physical details ill.
650 #0 - SUBJECT ADDED ENTRY--TOPICAL TERM
Topical term or geographic name entry element Technical writing.
700 1# - ADDED ENTRY--PERSONAL NAME
Personal name Smith-Worthington, Darlene.
942 ## - ADDED ENTRY ELEMENTS (KOHA)
Koha item type Book
Call number prefix 808.0666 MEH
Source of classification or shelving scheme
Holdings
Withdrawn status Lost status Damaged status Not for loan Collection code Permanent Location Current Location Shelving location Date acquired Source of acquisition Cost, normal purchase price Total Checkouts Full call number Barcode Date last seen Price effective from Koha item type
          Central Library (CL) Central Library (CL) General Stacks 07/21/2005 Academic Book company 2798.91   808.0666 MEH SEECS006025 11/14/2012 01/05/2017 Book
© 2023 Central Library, National University of Sciences and Technology. All Rights Reserved.